000 00396nam a2200169Ia 4500
001 10017
005 20260306161800.0
008 260306t9999||||xx |||||||||||||| ||spa||
041 _aESP
082 _a869.56
_bT33
100 _aTejada Ponce, Luis
_eAUT
245 0 _aCrónicas de un desempleado
300 _a92 páginas :
_c
650 _aGEN
654 _aCHU
942 _cLIB
_dJUS
_fJUS
_2ddc
_n
999 _c10017
_d10017